000 00769nam a2200289Ia 4500
005 20260324115445.0
008 008 260324s9999 xx 000 0 eng d
020 _a9781351030786
037 _aEBOOK
040 _aCRL
040 _beng
040 _cCRL
041 _2eng
041 _aeng
084 _qCRL
100 _aRoss Wolf; Carol Borland Jones
_91154742
245 0 _aVolunteer Police, Choosing to Serve
245 0 _bExploring, Comparing, and Assessing Volunteer Policing in the United States and the United Kingdom
260 _bTaylor and Francis
260 _c2018
365 _a
365 _b230
856 _uhttp://www.taylorfrancis.com/books/9781351030786
942 _cEBOOK
999 _c1745634
_d1745634